000 00169 a2200097 4500
020 _a030099420595
041 _aeng
100 _aAnonimo
245 _aHeidi
942 _cBK
999 _c11610
_d11610